000 00361 a2200157 4500
001 150859
040 _cEscola São Tomás de Aquino
100 _aMURRAY, Roseana
240 1 0 _aTantos medos e outras coragens
_lpor
245 1 0 _aTantos medos e outras coragens
300 _a31
362 0 _a2007
440 1 _aFTD
697 _aPsicologia
942 _cBK
999 _c150859
_d150859